Statistiche per Seconda Guerra Mondiale per immagini

Clicka qui per fare il quiz!

Statistiche generali

  • Questo quiz è stato fatto 253 volte
  • Il punteggio medio è 7 su 15

Statistiche sulle risposte

Risposta% Corretto
Winston Churchill
86%
Hiroshima
71%
Stalingrado
71%
Hirohito
68%
Pearl Harbor
63%
Montecassino
48%
Evacuazione di {Dunkerque}
47%
{Omaha} beach
42%
George S. Patton
34%
Philippe Pétain
31%
Hermann Göring
29%
Spitfire
28%
Battaglia di {Iwo} {Jima}
27%
V1 (Fieseler Fi 103)
27%
M4 Sherman
24%

Distribuzione punteggi

Percentile per numero di risposta

Percentuale di utenti per punteggio

I tuoi punteggi nel tempo

Non hai fatto questo quiz